LEADER 01052cam0-22003851i-450- 001 990000257450403321 005 20050502135037.0 010 $a0-12-616750-8 035 $a000025745 035 $aFED01000025745 035 $a(Aleph)000025745FED01 035 $a000025745 100 $a20020821d1979----km-y0itay50------ba 101 0 $aeng 102 $aUS 105 $aa-------001yy 200 1 $aVector-valued optimization problems in control theory$fMindia E. Salukvadze 210 $aNew York$cAcademic Press$d1979 215 $aIX, 219 p.$cill.$d24 cm 225 1 $aMathematics in science and engineering$v148 610 0 $aTeoria dei sistemi 610 0 $aTeoria del controllo 676 $a629.8 676 $a629 700 1$aSalukvadze,$bMindia Evgenevich 801 0$aIT$bUNINA$gRICA$2UNIMARC 901 $aBK 912 $a990000257450403321 952 $aMXVI-C-8$b3347$fMAS 952 $a09 052-020$b4070$fDINAE 952 $aC-26-(148$b20315$fMA1 959 $aDINAE 959 $aMA1 959 $aMAS 997 $aUNINA LEADER 01533nam--2200445---450- 001 990001066890203316 005 20060530133749.0 010 $a88-435-2999-4 035 $a000106689 035 $aUSA01000106689 035 $a(ALEPH)000106689USA01 035 $a000106689 100 $a20020409d1989----km|y0itaa0103----ba 101 0 $aita 102 $aIT 105 $aa---z-------- 200 1 $aCinema italiano, cinema sovietico$e26.incontri internazionali del cinema, Sorrento 2-8 ottobre 1989 210 $aNapoli$cElecta$d1989 215 $a136 p.$cill.$d24 cm 606 1 $aCinematografo italiano$z1989 606 1 $aCinematografo$yUnione Sovietica$z1989 606 1 $aFestival cinematografici$ySorrento 676 $a791.43094 710 12$aIncontri internazionali del cinema <26 ; 1989 ; Sorrento>$0553556 801 0$aIT$bsalbc$gISBD 912 $a990001066890203316 951 $aXIII.2. 1436(XVI P 93)$b13819 L.M.$cXVI P$d00069547 951 $aXIII.2. 1436a(XVI P 93 BIS)$b161562 L.M.$cXVI P$d00080339 959 $aBK 969 $aUMA 979 $aANGELA$b90$c20020409$lUSA01$h1314 979 $aCHIARA$b90$c20020528$lUSA01$h1709 979 $aANGELA$b90$c20020606$lUSA01$h1309 979 $aJOHNNY$b90$c20021001$lUSA01$h1302 979 $aPATRY$b90$c20040406$lUSA01$h1714 979 $aCOPAT3$b90$c20050502$lUSA01$h1130 979 $aRENATO$b90$c20051017$lUSA01$h1542 979 $aCOPAT1$b90$c20060530$lUSA01$h1337 996 $aCinema italiano, cinema sovietico$9979808 997 $aUNISA LEADER 04450nam 2200769 450 001 9910780515003321 005 20230912140426.0 010 $a1-4426-8361-9 010 $a9786612003233 010 $a1-282-00323-2 024 7 $a10.3138/9781442683617 035 $a(CKB)2430000000000780 035 $a(EBL)3254801 035 $a(OCoLC)923068270 035 $a(SSID)ssj0000313540 035 $a(PQKBManifestationID)11925286 035 $a(PQKBTitleCode)TC0000313540 035 $a(PQKBWorkID)10367032 035 $a(PQKB)11390965 035 $a(CaBNvSL)thg00600121 035 $a(DE-B1597)465132 035 $a(OCoLC)1004872610 035 $a(OCoLC)944177158 035 $a(DE-B1597)9781442683617 035 $a(Au-PeEL)EBL4672268 035 $a(CaPaEBR)ebr11257942 035 $a(OCoLC)958562733 035 $a(VaAlCD)20.500.12592/jxfqg2 035 $a(schport)gibson_crkn/2009-12-01/6/418261 035 $a(MiAaPQ)EBC4672268 035 $a(OCoLC)815763530 035 $a(MdBmJHUP)musev2_105550 035 $a(MiAaPQ)EBC3254801 035 $a(EXLCZ)992430000000000780 100 $a20160922h20022002 uy 0 101 0 $aeng 135 $aur|n|---||||| 181 $ctxt$2rdacontent 182 $cc$2rdamedia 183 $acr$2rdacarrier 200 00$aWomen's legal strategies in Canada /$feditor, Radha Jhappan 210 1$aToronto ;$aBuffalo, [New York] ;$aLondon :$cUniversity of Toronto Press,$d2002. 210 4$dİ2002 215 $a1 online resource (418 pages) 300 $aDescription based upon print version of record. 311 0 $a0-8020-7667-X 311 0 $a0-8020-0721-X 320 $aIncludes bibliographical references. 327 $aIntroduction : why do law? -- Introduction : feminist adventures in law / Radha Jhappan -- Feminist movement in law : beyond privileged and privileging theory / Sheila McIntyre -- Equality strategies -- Women's (in)equality before and after the charter / Diana Majury -- Towards a democratic practice of feminist litigation? : LEAF's changing approach to Charter equality / Lise Gotell -- The equality pit or the rehabilitation of justice? / Radha Jhappan -- Race and citizenship -- Negotiating the citizenship divide: foreign domestic worker policy and legal jurisprudence / Daiva Stasiulis and Abigail B. Bakan -- Beyond the confinement of gender: locating the space of legal existence for racialized women / Joanne St. Lewis -- Family and reproduction -- Abortion litigation / Sheilah L. Martin -- Legal as political strategies in the Canadian women's movement : who's speaking? who's listening? / Susan Philips. 330 $aHave Canadian women gained from their pursuit of legal remedies to social, political, economic, and cultural inequalities? Is law a fruitful avenue for such struggles? Using liberal feminist, postmodern, critical, race, and queer theory, these essays confront the anti-rights critiques of the legal Left regarding the use of law in general and the Charter in particular. Several chapters explicitly examine the strategic limits and possibilities of the substantive equality rights approaches pursued by LEAF (The Women's Legal Education and Action Fund). Others focus on legal strategies mobilized in discreet areas of law and public policy by foreign domestic workers and racialized women, lesbians, women seeking reproductive freedom, women in the childcare movement, and anti-violence advocates. Recognizing the diversity of women across class, citizenship, race and ethnicity, sexual identity, culture, and (dis)ability, this collection evaluates the efficacy of the wide range of legal and political strategies women have employed, particularly in this post-Charter era. Women's Legal Strategies in Canada is the most comprehensive account of these important issues and will surely become the standard work in the field. 606 $aWomen$xLegal status, laws, etc$zCanada 606 $aWomen's rights$zCanada 606 $aFeminist jurisprudence$zCanada 607 $aCanada$2fast 608 $aElectronic books. 615 0$aWomen$xLegal status, laws, etc. 615 0$aWomen's rights 615 0$aFeminist jurisprudence 676 $a342.71/0878 702 $aJhappan$b Radha 801 0$bMiAaPQ 801 1$bMiAaPQ 801 2$bMiAaPQ 906 $aBOOK 912 $a9910780515003321 996 $aWomen's legal strategies in Canada$93760158 997 $aUNINA